Riconosci il Pokémon - Quiz n°11 - Statistics

Statistiche generali
  • Questo quiz è stato fatto 18 volte
  • Il punteggio medio è 7 su 10
Statistiche sulle risposte
Indizio Risposta % Corretto
Generazione Quinta
100%
Tipo Normale / Volante
88%
Stadio evoluzione Forma Base
82%
Abilità Sguardofermo; Forzabruta; Tuttafretta
71%
Altezza 0,5 m
59%
Sesso 100% ♂
59%
Peso 10,5 kg
59%
Tasso di cattura 190 (35.2%)
53%
Tasso di allevamento Lento
53%
Pokémon Rufflet
53%
Nessun quiz corrispondente trovato
Distribuzione punteggi
Percentuale di utenti per punteggio
Percentile per numero di risposta
I tuoi punteggi nel tempo
Non hai fatto questo quiz